000 00454nam a2200181Ia 4500
001 22686
005 20260414150847.0
008 260414t2007||||xx |||||||||||||| ||spa||
041 _aESP
082 _a621.3841
_bK36
100 _aKeith, Michael C.
_eAUT
245 4 _aThe radio station :
_bbroadcast, satellite & internet
260 _c2007
300 _axv, 377 páginas :
_c25 cm.
650 _aTCA
654 _aCET
942 _cLIB
_dJUS
_fJUS
_2ddc
_n
999 _c22686
_d22686